Statistiques concernant Mots de la langue française terminés par "cule"

Cliquez ici pour prendre le quiz!

Statistiques générales

  • Ce quiz a été pris 226 fois
  • Le résultat moyen est 14 sur 25

Statistiques - réponses

IndiceMot% Correct
forte chaleurcanicule
93%
petite lettreminuscule
92%
grande lettremajuscule
90%
HéraclèsHercule
87%
automobilevéhicule
80%
soircrépuscule
79%
argentpécule
75%
dérisoireridicule
73%
tasmonticule
70%
balancebascule
66%
ensemble d'atomesmolécule
62%
queue de la fleurpédoncule
62%
livretfascicule
60%
fine couchepellicule
54%
fleurrenoncule
52%
petit regroupementgroupuscule
48%
gonadetesticule
48%
petit sac corporelvésicule
46%
infime quantitéparticule
33%
cavité du corpsventricule
25%
brastentacule
23%
anomalie du côlondiverticule
20%
extrait de végétalfécule
17%
brochureopuscule
15%
chapelleédicule
12%

Distribution des résultats

Percentile par nombre de réponses

% des personnes avec chaque résultat

Votre développement - résultats

Vous n’avez pas pris ce quiz